000
00236nam a2200097Ia 4500
005
20251222114404.0
008
251222s1900||||xx |||||||||||||| ||spa||
082
_a
DVD0111/D25/2008
245
0
_a
Madagascar 2: escape a áfrica:
942
_c
DVD
999
_c
1748
_d
1748